PANE RÁDIO - Statistics

Estatísticas Gerais
  • Esse quiz foi jogado 457 vezes
    428 desde o último reset
  • A pontuação média é 10 de 20
Estatísticas das Respostas
Hint Resposta % Correto
2 Colocar volume no máximo
89%
1 Checar conexões entre o capacete e a aeronave
86%
3 Puxar “squelch” e ouvir ruído
81%
Se não der certo:
4
Tentar utilizar VHF2 (C)
70%
5 Selecionar EMG, VHF para baixo e manter COM (A)
68%
9 Em Saturno, ligar faróis de pouso e luzes de navegação
62%
Se ainda não voltar a funcionar:
6
Transponder 7600
59%
Retorno:
8
Antes de entrar no tráfego, observar pista em uso
57%
7 Informar “às cegas” todas as posições previstas
51%
10 Se recebeu sinais, seguir as instruções
43%
2 Passar sobre a pista de táxi a 2300ft, 100kt, balançando as asas
41%
Se não avistar sinais luminosos
1
Arremeter na Final a 2300ft, recolhendo trem e flapes
35%
2 Nova passagem sobre a pista de táxi a 2300ft, 100kt, balançando as asas
35%
3 Realizar novo tráfego
32%
Canhão de luzes inoperante
1
Arremeter novamente na Final a 2300ft
30%
4 Observar sinais luminosos na PV e na Final
30%
5 Pousar, se indicação de trem travado embaixo e pista livre (se avistar sinal luminoso)
30%
3 Realizar perfil de tráfego padrão
30%
4 Pousar, se indicação positiva de trem travado embaixo e pista livre (canhão inoperante)
22%
5 Se julgar necessário, fazer nova arremetida e novo tráfego
22%
Nenhum quiz correspondente encontrado
Distribuição das Pontuações
Porcentagem de Pessoas com Cada Pontuação
Percentil de Números Respondidos
Sua Pontuação Histórica
Você não jogou esse quiz desde o último reset